000 00822nam a22002657a 4500
001 AUWbook033510
003 BDCtgAUW
005 20260428214001.0
008 260424b ja ||||| |||| 00| 0 jpn d
020 _a9784872176421
040 _aBDCtgAUW
_cBDCtgAUW
041 0 _ajpn
050 4 _aPL539
_b.Y27 2007
100 1 _aYamazaki, Tomoko.
_eauthor
_959454
245 1 0 _aJapanese graded readers :
_blevel 2, vol. 2, part 9 /
_cTomoko Yamazaki.
260 _a Japan :
_bAsk publishing,
_c2007.
300 _a21pages :
_bpictures;
_c22cm.
362 0 _alevel 2, vol. 2, part 9
490 1 _aJapanese graded readers.
500 _aJapanese language.
650 4 _a Japanese language
_xConversation and phrase books.
830 0 _aJapanese graded readers.
_991690
887 _28
_aPapia Akter
942 _2lcc
_cBK
_n0
999 _c18686
_d18686
888 _28